[Event "POL-ChT3"]
[Site "Lazy POL"]
[Date "2012.09.01"]
[Round "1"]
[White "Weichhold, Pawel"]
[Black "Tazbir, Marcin"]
[Result "1/2-1/2"]
[WhiteElo "2374"]
[BlackElo "2554"]
[EventDate "2012.09.01"]

1.e4 e5 2.Nf3 d6 3.d4 exd4 4.Nxd4 Nf6 5.Nc3 Be7 6.Be2 O-O 7.O-O Nc6 8.f4 
Bd7 9.Bf3 Nxd4 10.Qxd4 Bc6 11.b3 Nd7 12.Nd5 Nc5 13.Bb2 Ne6 14.Nxe7+ Qxe7 
15.Qd2 Nc5 16.Rae1 Rae8 17.e5 Bxf3 18.Rxf3 f5 19.Rfe3 Qf7 20.exd6 Ne4 21.
Qd4 cxd6 22.c4 b6 23.h3 h5 24.a4 Rb8 25.Rd3 Rfe8 26.Kh2 Re6 27.Rg3 Rg6 28.
Rxg6 Qxg6 29.Re3 Kf7 30.a5 Qf6 31.Qd5+ Qe6 32.Qd4 Qf6 33.Qd5+ Qe6 34.Qc6 
Qc8 35.Qd5+ Qe6 1/2-1/2

[Event "POL-ChT3"]
[Site "Lazy POL"]
[Date "2012.09.01"]
[Round "1"]
[White "Mikrut, Dariusz"]
[Black "Sokolowski, Ryszard"]
[Result "1/2-1/2"]
[WhiteElo "2355"]
[BlackElo "2100"]
[EventDate "2012.09.01"]

1.d4 d6 2.e4 Nf6 3.Nc3 e5 4.Nge2 Be7 5.f3 c6 6.Be3 Nbd7 7.Qd2 O-O 8.O-O-O 
b5 9.Ng3 Nb6 10.dxe5 dxe5 11.Nf5 Bxf5 12.exf5 Qxd2+ 13.Bxd2 Rfe8 14.Ne4 
Nxe4 15.fxe4 Nc8 16.Be3 Nd6 17.Bd3 Rec8 18.g4 c5 19.c3 a5 20.Be2 Rab8 21.
Rd5 b4 22.c4 f6 23.Bd3 Ne8 24.Bc2 Nd6 25.Rhd1 Ne8 26.Ba4 Kf8 27.h4 Rb6 28.
Bd7 Rc7 29.Be6 Rd6 30.g5 Rxd5 31.Rxd5 Rc6 32.Rd7 Rd6 33.Rxe7 Kxe7 34.Bxc5 
Kd8 35.Bxd6 Nxd6 36.Bd5 Kc7 37.gxf6 gxf6 38.Kc2 Kb6 39.Kb3 Ne8 40.Ka4 Nc7 
41.c5+ Kxc5 42.Bg8 h6 43.Kxa5 Ne8 44.a4 bxa3 45.bxa3 Nd6 46.Ka4 1/2-1/2

[Event "POL-ChT3"]
[Site "Lazy POL"]
[Date "2012.09.01"]
[Round "1"]
[White "Adamowicz, Maciej"]
[Black "Brzeski, Maciej"]
[Result "0-1"]
[WhiteElo "1985"]
[BlackElo "2314"]
[EventDate "2012.09.01"]

1.c4 g6 2.g3 Bg7 3.Bg2 e5 4.Nc3 d6 5.Nf3 Nc6 6.O-O f5 7.d3 Nf6 8.Rb1 a5 9.
a3 O-O 10.b4 axb4 11.axb4 h6 12.b5 Ne7 13.Qb3 Kh7 14.Ba3 Be6 15.Nd2 Rb8 
16.Ra1 Qd7 17.Ra2 f4 18.Rfa1 Bh3 19.Bh1 Nf5 20.Bb4 Nd4 21.Qd1 Qf5 22.Nde4 
Ng4 23.Qe1 fxg3 24.hxg3 Qh5 25.f3 Bg2 26.Bxg2 Qh2+ 27.Kf1 Ne3+ 28.Kf2 
Rxf3+ 29.exf3 Qxg2+ 0-1

[Event "POL-ChT3"]
[Site "Lazy POL"]
[Date "2012.09.01"]
[Round "1"]
[White "Barski, Radoslaw"]
[Black "Kamieniecki, Tomasz"]
[Result "1-0"]
[WhiteElo "2241"]
[BlackElo "1992"]
[EventDate "2012.09.01"]

1.e4 Nf6 2.e5 Nd5 3.c4 Nb6 4.Nc3 d6 5.exd6 exd6 6.d4 Be7 7.Bd3 Nc6 8.Be3 
Bf6 9.Nge2 Bg4 10.f3 Bh5 11.O-O O-O 12.b3 Re8 13.Bf2 Bg6 14.a3 d5 15.c5 
Nc8 16.b4 N8e7 17.h4 Qd7 18.g4 Bxd3 19.Qxd3 g6 20.Kg2 Bg7 21.Rh1 h6 22.
Rae1 b6 23.b5 Na5 24.c6 Qd8 25.Nf4 Qd6 26.Bg3 Qxa3 27.Ra1 Qb2+ 28.Nfe2 Qb3
29.Rhb1 Qc4 30.Qd1 Bxd4 31.Qxd4 Qxd4 32.Nxd4 Rac8 33.Re1 Kf8 34.Bf4 Kg7 
35.g5 hxg5 36.hxg5 a6 37.Be5+ Kf8 38.Bf6 Ng8 39.bxa6 Ra8 40.Rxe8+ Kxe8 41.
Ncb5 1-0

[Event "POL-ChT3"]
[Site "Lazy POL"]
[Date "2012.09.01"]
[Round "1"]
[White "Malaczek, Mateusz"]
[Black "Slabek, Grzegorz"]
[Result "0-1"]
[WhiteElo "1816"]
[BlackElo "2105"]
[EventDate "2012.09.01"]

1.c4 c6 2.Nf3 Nf6 3.g3 g6 4.Bg2 Bg7 5.O-O O-O 6.d3 d6 7.Nc3 Qa5 8.Rb1 Qh5 
9.Re1 Bh3 10.Bh1 h6 11.Bd2 Nbd7 12.b4 e5 13.b5 d5 14.bxc6 bxc6 15.cxd5 
cxd5 16.Rb5 Be6 17.Qa4 g5 18.Rc1 Rfc8 19.Bg2 Rc7 20.Ra5 Nb6 21.Qd1 e4 22.
dxe4 dxe4 23.Nxg5 hxg5 24.Rxg5 Qh7 25.Nxe4 Nxe4 26.Bxe4 Qxe4 27.Rxc7 Nd5 
28.Rc5 Rb8 29.Rc1 Bh3 30.f3 Qd4+ 31.Kh1 Qf2 32.Qg1 Qxe2 33.Rxg7+ Kxg7 0-1

[Event "POL-ChT3"]
[Site "Lazy POL"]
[Date "2012.09.01"]
[Round "1"]
[White "Gosciniak, Maria"]
[Black "Adamowicz, Katarzyna"]
[Result "0-1"]
[WhiteElo "2135"]
[BlackElo "2109"]
[EventDate "2012.09.01"]

1.e4 e5 2.Nf3 Nc6 3.d4 exd4 4.Nxd4 Nf6 5.Nc3 Bb4 6.Nxc6 bxc6 7.Bd3 d5 8.
exd5 cxd5 9.O-O O-O 10.Bg5 c6 11.Qf3 Be7 12.Rae1 Be6 13.Na4 h6 14.Bf4 c5 
15.Be5 Nd7 16.Bc3 Bd6 17.b3 Qg5 18.Qe2 Bf4 19.Bb2 Bh3 20.Qf3 Bg4 21.Bh7+ 
Kxh7 22.Qd3+ Kg8 23.Rb1 Qh5 24.g3 Be2 0-1

[Event "POL-ChT3"]
[Site "Lazy POL"]
[Date "2012.09.01"]
[Round "1"]
[White "Pakleza, Zbigniew"]
[Black "Jagodzinski, Piotr"]
[Result "1/2-1/2"]
[WhiteElo "2475"]
[BlackElo "2167"]
[EventDate "2012.09.01"]

1.d4 c5 2.d5 d6 3.e4 g6 4.g3 Nf6 5.Bg2 Bg7 6.a4 O-O 7.Ne2 Bg4 8.h3 Bd7 9.
O-O Na6 10.Kh2 Nc7 11.Be3 a6 12.a5 Rb8 13.c3 Na8 14.Nd2 b6 15.axb6 Nxb6 
16.Qc2 a5 17.b3 Ra8 18.Rfb1 Qc7 19.Ra2 Ra7 20.b4 axb4 21.Rxa7 Qxa7 22.cxb4
Ba4 23.Qc1 Nfd7 24.bxc5 dxc5 25.Nc3 Qa5 26.Nxa4 Qxa4 27.Bf1 Bd4 28.Bb5 Qa7
29.Bxd4 cxd4 30.Ra1 Qb8 31.Nf3 f5 32.Nxd4 fxe4 33.Ra2 Qd6 34.Qc6 Nf6 35.
Ne6 Rc8 36.Qxd6 exd6 37.Ra7 Nbxd5 38.Rg7+ Kh8 39.Rf7 Kg8 40.Rg7+ Kh8 41.
Rf7 Kg8 1/2-1/2

[Event "POL-ChT3"]
[Site "Lazy POL"]
[Date "2012.09.01"]
[Round "1"]
[White "Goluch, Piotr"]
[Black "Jedynak, Radoslaw"]
[Result "1-0"]
[WhiteElo "2239"]
[BlackElo "2492"]
[EventDate "2012.09.01"]

1.e4 e6 2.d4 d5 3.Nc3 Bb4 4.e5 c5 5.a3 Bxc3+ 6.bxc3 Ne7 7.Qg4 Qa5 8.Ne2 
Kf8 9.dxc5 Nd7 10.f4 Nxc5 11.Qf3 Ne4 12.h4 h5 13.Rh3 Nf5 14.a4 Bd7 15.Ba3+
Kg8 16.Bb4 Qd8 17.Nd4 Nxh4 18.Qe3 a5 19.Ba3 Bxa4 20.O-O-O b5 21.Nc6 Nf5 
22.Qxe4 Qd7 23.Nxa5 Rxa5 24.Qb4 Ra8 25.Bd3 Rd8 26.Bxf5 exf5 27.Rhd3 Qc6 
28.Qc5 Rh6 29.Rxd5 Rxd5 30.Rxd5 Qxc5 31.Bxc5 Rg6 32.Rd2 Rg4 33.Rf2 b4 34.
cxb4 Bc6 35.Be7 Bxg2 36.c4 Be4 37.Bg5 f6 38.exf6 gxf6 39.Bxf6 Kf7 40.Bg5 
Ke6 41.Kb2 Rg1 42.Kc3 Rh1 43.Ra2 h4 44.Ra6+ Kd7 45.Ra7+ Ke6 46.Kd4 h3 47.
Kc5 Bd3 48.Re7# 1-0

[Event "POL-ChT3"]
[Site "Lazy POL"]
[Date "2012.09.01"]
[Round "1"]
[White "Czakon, Jakub"]
[Black "Kalvaitis, Sigitas"]
[Result "1-0"]
[WhiteElo "2486"]
[BlackElo "2233"]
[EventDate "2012.09.01"]

1.d4 d5 2.c4 e5 3.dxe5 d4 4.e4 Nc6 5.f4 g5 6.Bd3 Bg7 7.Nf3 gxf4 8.Bxf4 
Nge7 9.O-O Be6 10.Nbd2 Qd7 11.Nb3 b6 12.Qd2 h6 13.c5 a6 14.cxb6 cxb6 15.
Nh4 Nxe5 16.Nf5 Bxf5 17.exf5 Nxd3 18.Qxd3 Bf6 19.Nd2 Kf8 20.Ne4 Bg5 21.
Nxg5 hxg5 22.Bxg5 Nc6 23.Bf6 Rh7 24.Qa3+ Kg8 25.Rf4 1-0

[Event "POL-ChT3"]
[Site "Lazy POL"]
[Date "2012.09.01"]
[Round "1"]
[White "Cajbel, Maciej"]
[Black "Szoen, Dariusz"]
[Result "1/2-1/2"]
[WhiteElo "2237"]
[BlackElo "2418"]
[EventDate "2012.09.01"]

1.d4 Nf6 2.c4 e6 3.Nc3 c5 4.d5 exd5 5.cxd5 d6 6.e4 g6 7.h3 Bg7 8.Nf3 O-O 
9.Bd3 Na6 10.O-O Nc7 11.Re1 Re8 12.a4 b6 13.Bf4 Ba6 14.Bxa6 Nxa6 15.Nd2 
Nh5 16.Bh2 Be5 17.Bxe5 dxe5 18.g3 Nb4 19.Nc4 a6 20.Na2 Nxa2 21.Rxa2 Nf6 
22.Qf3 Nd7 23.Ra3 Rf8 24.Qc3 b5 25.axb5 axb5 26.Rxa8 Qxa8 27.Ne3 Qa7 28.
Nc2 c4 29.Ra1 Qb6 30.Qa5 Rb8 31.Qxb6 Nxb6 32.Nb4 Na4 33.Nc6 Rb6 34.Rb1 f6 
35.b3 Nc3 36.Rb2 Ra6 37.bxc4 bxc4 38.Rc2 Nxe4 39.Rxc4 Ra1+ 40.Kg2 Nd6 41.
Rb4 Rd1 42.Rb8+ Kg7 43.Rd8 Nf7 1/2-1/2

[Event "POL-ChT3"]
[Site "Lazy POL"]
[Date "2012.09.01"]
[Round "1"]
[White "Gluszko, Tomasz"]
[Black "Czachor, Radoslaw"]
[Result "1-0"]
[WhiteElo "2169"]
[BlackElo "2063"]
[EventDate "2012.09.01"]

1.d4 Nf6 2.c4 g6 3.Nc3 Bg7 4.e4 d6 5.f3 O-O 6.Be3 Nc6 7.Qd2 a6 8.O-O-O Bd7
9.Nge2 b5 10.h4 h5 11.Nd5 bxc4 12.g4 hxg4 13.Nxf6+ Bxf6 14.f4 Rb8 15.h5 
Nb4 16.Nc3 c5 17.hxg6 fxg6 18.Bxc4+ e6 19.Qh2 Rf7 20.e5 d5 21.exf6 Qxf6 
22.Be2 Nc6 23.dxc5 d4 24.Ne4 Qg7 25.Bd2 e5 26.Bc4 1-0

[Event "POL-ChT3"]
[Site "Lazy POL"]
[Date "2012.09.01"]
[Round "1"]
[White "Ogonowska, Katarzyna"]
[Black "Nowak, Malgorzata"]
[Result "1/2-1/2"]
[WhiteElo "1846"]
[BlackElo "2084"]
[EventDate "2012.09.01"]

1.e4 d5 2.exd5 Qxd5 3.Nc3 Qd8 4.d4 Nf6 5.Bf4 c6 6.Nf3 e6 7.Bd3 Be7 8.O-O 
O-O 9.Re1 b6 10.Ne4 Nd5 11.Bd2 Nb4 12.Bxb4 Bxb4 13.c3 Be7 14.Qc2 Nd7 15.
Rad1 Bb7 16.Ng3 g6 17.Ne5 Kg7 18.a4 a5 19.Qb3 Nf6 20.Nc4 Nd5 21.Be4 Ra6 
22.Bf3 Qc7 23.Ne3 Raa8 24.Nc4 Ba6 25.Ne5 Rad8 26.Be2 Bb7 27.Bf3 c5 28.Nc4 
cxd4 29.Rxd4 Bc5 30.Rdd1 Nf4 31.Ne4 Nd3 32.Rxd3 Rxd3 33.Nxc5 Bxf3 34.Nxd3 
Bd5 35.Nde5 f6 36.Qxb6 Qxb6 37.Nxb6 fxe5 38.Nxd5 exd5 39.Rxe5 Rb8 40.Rxd5 
Rxb2 41.g3 Rb3 42.Rxa5 Rxc3 43.Ra7+ Kg8 44.Kg2 Ra3 45.h4 h5 46.a5 Kh8 47.
a6 Kg8 48.Ra8+ Kg7 49.a7 Kh7 50.Kf1 Ra2 51.Ke1 Kg7 52.Kd1 Kh7 53.Kc1 Kg7 
54.Kb1 Ra6 55.Kb2 Kh7 56.Kb3 Kg7 57.Kb4 Ra1 58.Kc5 Rc1+ 59.Kd6 Rd1+ 60.Ke5
Re1+ 61.Kf4 Ra1 62.f3 Ra4+ 63.Ke5 Ra5+ 64.Ke6 Ra6+ 65.Ke7 Ra1 66.g4 hxg4 
67.fxg4 Re1+ 68.Kd6 Rd1+ 69.Ke5 Ra1 70.Kd6 Rd1+ 71.Kc5 Rc1+ 72.Kb4 Rb1+ 
73.Kc3 Ra1 74.Kb2 Ra6 75.Kb3 Ra1 76.Kb2 Ra6 77.Kc3 Ra1 78.Kc2 Ra6 79.Kd3 
Ra3+ 80.Kd4 1/2-1/2

[Event "POL-ChT3"]
[Site "Lazy POL"]
[Date "2012.09.01"]
[Round "1"]
[White "Steczek, Marcin"]
[Black "Ciesla, Adam"]
[Result "1-0"]
[WhiteElo "2409"]
[BlackElo "2336"]
[EventDate "2012.09.01"]

1.e3 e5 2.b3 d5 3.Bb2 Bd6 4.Nf3 Qe7 5.d4 e4 6.Nfd2 c6 7.c4 Nf6 8.Nc3 a6 9.
Qc2 Nbd7 10.a4 h5 11.Be2 h4 12.h3 Nf8 13.Qc1 Be6 14.Ba3 Nh5 15.Bxd6 Qxd6 
16.Qa3 Qxa3 17.Rxa3 f5 18.a5 Nd7 19.b4 g5 20.cxd5 Bxd5 21.Nxd5 cxd5 22.Nb3
Nhf6 23.Nc5 Nxc5 24.bxc5 Nd7 25.Kd2 Nb8 26.Rb1 Rh7 27.Bd1 Nc6 28.Ba4 Kd8 
29.Bxc6 bxc6 30.Rab3 Rc7 31.Rb6 Kc8 32.g3 hxg3 33.fxg3 Kd7 34.Rf1 Ke6 35.
g4 fxg4 36.hxg4 Rh8 37.Rf5 Rh2+ 38.Ke1 Rh3 39.Kf2 Rh2+ 40.Kf1 Rh3 41.Re5+ 
Kf7 42.Rf5+ Ke6 43.Ke2 Rh2+ 44.Rf2 Rh1 45.Rb8 Rch7 46.Re8+ Kd7 47.Ra8 R7h6
48.Rf7+ Ke6 49.Raa7 R6h2+ 50.Rf2 Rxf2+ 51.Kxf2 Rh2+ 52.Kf1 Ra2 53.Rc7 Rxa5
54.Rxc6+ Kf7 55.Rd6 Ra1+ 56.Ke2 Ra2+ 57.Kd1 Ra1+ 58.Kc2 Ra2+ 59.Kb3 Re2 
60.Rxd5 Rxe3+ 61.Kc4 a5 62.Rd7+ Ke6 63.Rd6+ Ke7 64.Kd5 a4 65.Ra6 a3 66.Ke5
Rg3 67.Ra7+ Ke8 68.Kxe4 Rxg4+ 69.Ke5 Rh4 70.Rxa3 g4 71.d5 Rh5+ 72.Kd6 Rh6+
73.Kc7 Rh5 74.Kc6 Rh3 75.Ra8+ Kf7 76.d6 g3 77.d7 g2 78.d8=Q Rh6+ 79.Kc7 
g1=Q 80.Qf8+ Ke6 81.Qxh6+ 1-0

[Event "POL-ChT3"]
[Site "Lazy POL"]
[Date "2012.09.01"]
[Round "1"]
[White "Klekowski, Maciej"]
[Black "Meczynski, Waldemar"]
[Result "1-0"]
[WhiteElo "2332"]
[BlackElo "2153"]
[EventDate "2012.09.01"]

1.c4 c5 2.Nc3 Nf6 3.g3 e6 4.Nf3 d5 5.cxd5 exd5 6.d4 Nc6 7.Bg2 cxd4 8.Nxd4 
Be7 9.O-O O-O 10.Be3 Bg4 11.h3 Be6 12.Rc1 Qd7 13.g4 h5 14.Nxe6 fxe6 15.g5 
Ne8 16.Ne4 b6 17.Ng3 Nd6 18.Bxd5 Rac8 19.Bg2 g6 20.Ne4 Ne5 21.Rxc8 Rxc8 
22.Nxd6 Bxd6 23.Qb1 Kh7 24.b3 Bb8 25.Rd1 Qb5 26.Kf1 Rf8 27.Be4 Kg7 28.a4 
Qe8 29.Kg2 Kh7 30.f4 Nc6 31.Bxg6+ Qxg6 32.Rd7+ 1-0

[Event "POL-ChT3"]
[Site "Lazy POL"]
[Date "2012.09.01"]
[Round "1"]
[White "Walaszczyk, Witold"]
[Black "Flis, Jacek"]
[Result "0-1"]
[WhiteElo "2210"]
[BlackElo "2256"]
[EventDate "2012.09.01"]

1.d4 Nf6 2.Nf3 g6 3.c4 Bg7 4.g3 O-O 5.Bg2 d6 6.Nc3 Nbd7 7.O-O e5 8.h3 c6 
9.e4 Qb6 10.c5 dxc5 11.dxe5 Ne8 12.e6 fxe6 13.Ng5 Ne5 14.f4 c4+ 15.Kh2 Nd3
16.e5 Nc7 17.Be4 Nd5 18.Nxh7 Nxc3 19.bxc3 Kxh7 20.Qh5+ Kg8 21.Bxg6 Rf5 22.
Bxf5 exf5 23.Qe8+ Kh7 24.g4 fxg4 25.hxg4 c5 26.Kg3 Qh6 27.f5 Nxc1 28.Raxc1
Bxf5 29.Qe7 Qe3+ 30.Kh4 Bg6 0-1

[Event "POL-ChT3"]
[Site "Lazy POL"]
[Date "2012.09.01"]
[Round "1"]
[White "Piesik, Piotr"]
[Black "Swiatnicki, Andrzej"]
[Result "0-1"]
[WhiteElo "2198"]
[BlackElo "2127"]
[EventDate "2012.09.01"]

1.Nf3 d5 2.g3 Nf6 3.Bg2 Bf5 4.O-O e6 5.d3 Be7 6.Nbd2 h6 7.Qe1 O-O 8.e4 Bh7
9.Qe2 c5 10.Ne5 Qc7 11.f4 Nc6 12.Nxc6 Qxc6 13.exd5 exd5 14.f5 Qd7 15.Qf3 
Rfe8 16.c4 Rad8 17.Nb3 Bd6 18.Bd2 Re5 19.g4 Rde8 20.h3 b6 21.Rfe1 Kh8 22.
Bc3 Rxe1+ 23.Rxe1 Rxe1+ 24.Bxe1 dxc4 25.dxc4 Be5 26.Qe2 Qd6 27.Bf2 Bg8 28.
Nc1 Nd7 29.Bd5 f6 30.Bxg8 Kxg8 31.Nd3 Bd4 32.Qe8+ Nf8 33.Kg2 Bxf2 34.Nxf2 
Qd2 35.Qb5 Nd7 36.Qc6 Ne5 37.Qd5+ Qxd5+ 38.cxd5 Kf7 39.Nd1 Ke7 40.Nc3 Kd6 
41.b3 a6 42.Kf2 b5 43.Ke3 Nf7 44.Ne2 Kxd5 45.Nf4+ Ke5 46.Nh5 c4 47.bxc4 
bxc4 48.Nxg7 Ng5 49.h4 Ne4 50.Ne6 Nc3 51.a3 a5 52.g5 fxg5 53.hxg5 Nd5+ 54.
Kf3 hxg5 55.Nxg5 Kxf5 56.Nf7 c3 57.Nd6+ Ke6 58.Nb5 Ke5 59.Ke2 Ke4 60.a4 
Nf4+ 61.Kd1 Kd3 62.Na3 Ne2 63.Nc2 Nd4 64.Ne1+ Kc4 65.Kc1 Kb3 66.Nd3 Kxa4 
67.Nc5+ Kb4 68.Nd3+ Kc4 69.Ne5+ Kb3 70.Nd3 a4 71.Kb1 c2+ 72.Ka1 Kc3 73.Nc1
Kd2 74.Na2 a3 0-1

[Event "POL-ChT3"]
[Site "Lazy POL"]
[Date "2012.09.01"]
[Round "1"]
[White "Smagalski, Slawomir"]
[Black "Paszewski, Mateusz"]
[Result "1/2-1/2"]
[WhiteElo "2028"]
[BlackElo "2063"]
[EventDate "2012.09.01"]

1.Nf3 Nf6 2.c4 c6 3.g3 d5 4.b3 e6 5.Bg2 Bd6 6.Bb2 Nbd7 7.d3 O-O 8.Nbd2 b6 
9.O-O Bb7 10.e4 Qc7 11.Re1 dxe4 12.dxe4 e5 13.Qc2 Rad8 14.Rad1 Rfe8 15.Nb1
Nc5 16.Nc3 Nfd7 17.Rd2 a5 18.Red1 Bf8 19.a3 Ne6 20.Bh3 f6 21.Na2 Bc8 22.b4
axb4 23.axb4 Nb8 24.Bg2 Rxd2 25.Rxd2 Rd8 26.Bc3 Rxd2 27.Qxd2 c5 28.bxc5 
bxc5 29.Ba5 Qb7 30.Nc3 Nd4 31.Nd5 Nbc6 32.Bc3 Qb1+ 33.Ne1 Bg4 34.Qb2 Ne2+ 
35.Kf1 Nxc3 36.Qxc3 Nd4 37.f3 Bc8 38.Qd3 Qa2 39.Nc3 Qa1 40.Kf2 Ba6 41.Bf1 
Be7 42.f4 Qb2+ 43.Kg1 Qc1 44.Ng2 Bd8 45.Ne3 Ba5 46.Ncd5 Qb2 47.Nf5 Bxc4 
48.Nxf6+ Kh8 49.Nd6 gxf6 50.Nxc4 Qc3 51.fxe5 Nf3+ 52.Kf2 Qxd3 53.Bxd3 Nxe5
54.Nxa5 Nxd3+ 55.Ke3 Ne5 56.h3 Kg7 57.Nb7 Nd7 58.Nd8 Kg6 59.Kf4 h5 60.Nc6 
Nf8 61.Ne7+ Kf7 62.Nf5 Ng6+ 63.Ke3 Ne5 64.Kd2 Kg6 65.Ke3 Kg5 66.Ng7 Kg6 
67.Ne6 Nd7 68.Kf4 c4 69.Ke3 f5 70.Nf4+ Kg5 71.exf5 Kxf5 72.Nxh5 Ne5 73.Kd4
Nf3+ 74.Kxc4 Ng1 75.Nf4 Nxh3 76.Nxh3 Kg4 1/2-1/2

[Event "POL-ChT3"]
[Site "Lazy POL"]
[Date "2012.09.01"]
[Round "1"]
[White "Warakomska, Anna"]
[Black "Swiatnicka, Malgorzata"]
[Result "1-0"]
[WhiteElo "2136"]
[BlackElo "1819"]
[EventDate "2012.09.01"]

1.e4 e5 2.Nf3 Nf6 3.d4 Nxe4 4.Bd3 d5 5.Nxe5 Be7 6.O-O O-O 7.Nc3 f6 8.Nxd5 
fxe5 9.Nxe7+ Qxe7 10.Bxe4 Rd8 11.Qh5 g6 12.Qxe5 Qxe5 13.dxe5 c6 14.Be3 Be6
15.Rad1 Nd7 16.Rd6 Re8 17.f4 Re7 18.Rfd1 Rae8 19.Rxe6 Rxe6 20.Rxd7 R6e7 
21.Rxe7 Rxe7 22.Bxa7 Rd7 23.Bd3 b5 24.Bc5 Rd5 25.b4 Kf7 26.Kf2 g5 27.g3 h6
28.Ke3 1-0

[Event "POL-ChT3"]
[Site "Lazy POL"]
[Date "2012.09.01"]
[Round "1"]
[White "Plichta, Kamil"]
[Black "Butkiewicz, Lukasz"]
[Result "0-1"]
[WhiteElo "2195"]
[BlackElo "2390"]
[EventDate "2012.09.01"]
[PlyCount "102"]

1.d4 Nf6 2.c4 c5 3.d5 e6 4.Nc3 exd5 5.cxd5 d6 6.e4 g6 7.f4 Bg7 8.Nf3 O-O 
9.Be2 Re8 10.e5 dxe5 11.fxe5 Ng4 12.e6 fxe6 13.d6 Bd7 14.O-O Rf8 15.Ne4 
Nc6 16.Nfg5 Bd4+ 17.Kh1 Ne3 18.Rxf8+ Qxf8 19.Bxe3 Bxe3 20.Qb3 Bxg5 21.Nxg5
Qxd6 22.Ne4 Qe5 23.Qxb7 Rd8 24.Bf3 Nd4 25.Qxa7 Bc6 26.Qe7 Rf8 27.Qxc5 Nxf3
28.gxf3 Qxb2 29.Re1 Bd5 30.Qe3 Qxa2 31.Qc3 Bxe4 32.fxe4 Qf2 33.Qg3 e5 34.
Qxf2 Rxf2 35.Kg1 Rb2 36.Ra1 Re2 37.Ra7 Rxe4 38.Kg2 Rf4 39.Re7 Rf5 40.Kg3 
h6 41.Ra7 Kf8 42.Rh7 h5 43.Ra7 Rf7 44.Ra5 Re7 45.Kf3 Kf7 46.Ke4 Kf6 47.h4 
Re6 48.Ra8 Rb6 49.Ra4 Rd6 50.Kf3 Kf5 51.Kf2 Rd4 0-1

[Event "POL-ChT3"]
[Site "Lazy POL"]
[Date "2012.09.01"]
[Round "1"]
[White "Lercel, Michal"]
[Black "Nguyen, Piotr"]
[Result "0-1"]
[WhiteElo "2173"]
[BlackElo "2382"]
[EventDate "2012.09.01"]
[PlyCount "74"]

1.e4 c5 2.Nf3 g6 3.d3 Bg7 4.g3 Nc6 5.Bg2 e5 6.O-O Nge7 7.Be3 d6 8.Qd2 O-O 
9.Bh6 f5 10.Bxg7 Kxg7 11.exf5 gxf5 12.Qg5+ Ng6 13.Qxd8 Rxd8 14.Nc3 d5 15.
Ng5 h6 16.Nf3 Be6 17.Rfe1 Kf6 18.Na4 b6 19.Nd2 Rac8 20.Rac1 Rc7 21.a3 h5 
22.Nc3 h4 23.Nb5 Rcd7 24.c4 Nce7 25.cxd5 Bxd5 26.Nc4 Bxg2 27.Kxg2 Nc6 28.
b4 Rxd3 29.bxc5 h3+ 30.Kf1 bxc5 31.Ne3 Nd4 32.Rxc5 Nf3 33.Rc6+ Kg5 34.Rec1
f4 35.gxf4+ exf4 36.Ke2 Rd2+ 37.Kxf3 Nh4+ 0-1

[Event "POL-ChT3"]
[Site "Lazy POL"]
[Date "2012.09.01"]
[Round "1"]
[White "Paterek, Michal"]
[Black "Gomulka, Jaroslaw"]
[Result "1-0"]
[WhiteElo "2304"]
[BlackElo "2107"]
[EventDate "2012.09.01"]
[PlyCount "61"]

1.d4 Nf6 2.c4 e6 3.Nc3 d5 4.cxd5 exd5 5.Bg5 Be7 6.e3 c6 7.Bd3 O-O 8.Qc2 h6
9.Bf4 Re8 10.Nf3 Nh5 11.Be5 Nd7 12.h3 Nxe5 13.dxe5 g6 14.O-O-O Be6 15.Nd4 
Bb4 16.g4 Ng7 17.f4 c5 18.Nxe6 Rxe6 19.Bc4 Bxc3 20.bxc3 dxc4 21.Rxd8+ Rxd8
22.Rd1 Rb8 23.Qe4 Ra6 24.Qxc4 b5 25.Qxc5 Rxa2 26.Rd7 Ne6 27.Qe7 Rf8 28.f5 
gxf5 29.gxf5 Ng5 30.e6 Rh2 31.Rd8 1-0

[Event "POL-ChT3"]
[Site "Lazy POL"]
[Date "2012.09.01"]
[Round "1"]
[White "Stepien, Marcin"]
[Black "Skawinski, Arkadiusz"]
[Result "1-0"]
[WhiteElo "2132"]
[BlackElo "2309"]
[EventDate "2012.09.01"]
[PlyCount "73"]

1.e4 e6 2.d4 d5 3.Nd2 Nc6 4.Ngf3 Nf6 5.e5 Nd7 6.c3 f6 7.exf6 Qxf6 8.Be2 
Bd6 9.Nf1 e5 10.dxe5 Ndxe5 11.Qxd5 Bf5 12.Ng3 O-O-O 13.Bg5 Nxf3+ 14.Qxf3 
Qxg5 15.Qxf5+ Qxf5 16.Nxf5 Be5 17.Bg4 Kb8 18.Rd1 g6 19.Rxd8+ Rxd8 20.Ne3 
Bf4 21.Ke2 Ne5 22.Bf3 Bxe3 23.fxe3 c5 24.b3 Kc7 25.Rd1 Rxd1 26.Kxd1 b6 27.
Kd2 g5 28.Be2 h6 29.Kc2 Kd6 30.b4 Kd5 31.Bf3+ Kc4 32.bxc5 bxc5 33.a4 Nxf3 
34.gxf3 h5 35.e4 g4 36.fxg4 hxg4 37.a5 1-0

[Event "POL-ChT3"]
[Site "Lazy POL"]
[Date "2012.09.01"]
[Round "1"]
[White "Flak, Pawel"]
[Black "Zareba, Radoslaw"]
[Result "1/2-1/2"]
[WhiteElo "2243"]
[BlackElo "2049"]
[EventDate "2012.09.01"]
[PlyCount "208"]

1.d4 Nf6 2.c4 c5 3.Nf3 cxd4 4.Nxd4 g6 5.Nc3 Bg7 6.e4 d6 7.Be2 O-O 8.Be3 
Nc6 9.O-O Bd7 10.f3 Qb6 11.Ncb5 Qa5 12.Nb3 Qd8 13.Qd2 a6 14.Nc3 Rc8 15.
Rac1 Be6 16.Na4 Nd7 17.Rfd1 Nce5 18.Qb4 Qc7 19.c5 Nc6 20.Qa3 Bxb3 21.cxd6 
Bxd1 22.dxc7 Bxe2 23.Nc3 Bb5 24.Qb3 Na5 25.Qd1 Bc6 26.Nd5 Rfe8 27.b4 e6 
28.Nf4 Rxc7 29.bxa5 Ne5 30.Qc2 Rd7 31.Ne2 Bb5 32.Nf4 Nc4 33.Bf2 Rd2 34.Qb3
Red8 35.Bb6 Nxb6 36.axb6 h6 37.a4 Bc6 38.Rc2 Bd4+ 39.Kf1 Rxc2 40.Qxc2 Bxb6
41.Qb3 Bd4 42.Ne2 Bf6 43.Ke1 Kg7 44.Qc2 Be7 45.Kf2 Kh7 46.f4 a5 47.f5 Bb4 
48.Qc4 gxf5 49.exf5 Rd5 50.g4 Bc5+ 51.Ke1 Bb4+ 52.Kf2 Bc5+ 53.Kg3 Bd6+ 54.
Kh3 exf5 55.gxf5 Kg7 56.Qg4+ Kh7 57.Nd4 Bd7 58.Qe4 Re5 59.Qd3 Bc5 60.Kg3 
f6 61.Nf3 Bxf5 62.Qc4 Be6 63.Qd3+ Bf5 64.Qd2 Bb4 65.Qd8 Re7 66.Nd4 Bg6 67.
h4 h5 68.Kf3 Kg7 69.Qc8 Be4+ 70.Kf2 Bg6 71.Ne6+ Kf7 72.Nd8+ Kg7 73.Ne6+ 
Kf7 74.Nf4 Be1+ 75.Kf1 Bxh4 76.Qc4+ Kg7 77.Nxg6 Kxg6 78.Qxh4 Re5 79.Qc4 
Rf5+ 80.Kg2 Rg5+ 81.Kh3 Re5 82.Qc2+ Kh6 83.Qc1+ Kg6 84.Qb1+ Kh6 85.Qxb7 
Kg6 86.Qb1+ Kh6 87.Qb3 Kg7 88.Qg3+ Kf7 89.Qh4 Rg5 90.Qc4+ Kg7 91.Qe6 Re5 
92.Qd7+ Kg6 93.Kg3 Kh6 94.Qf7 Kg5 95.Qg7+ Kf5 96.Kf3 Ke6 97.Qg8+ Ke7 98.
Kf4 Rg5 99.Qh7+ Ke6 100.Qc7 Rf5+ 101.Ke4 Re5+ 102.Kd4 Rd5+ 103.Kc4 Re5 
104.Qd8 Kf7 1/2-1/2

[Event "POL-ChT3"]
[Site "Lazy POL"]
[Date "2012.09.01"]
[Round "1"]
[White "Krokay, Urszula"]
[Black "Leszner, Liliana"]
[Result "1-0"]
[WhiteElo "1868"]
[BlackElo "2068"]
[EventDate "2012.09.01"]
[PlyCount "75"]

1.e4 d6 2.d4 g6 3.f4 Bg7 4.Nc3 Nf6 5.Nf3 c5 6.Bb5+ Bd7 7.Bxd7+ Nfxd7 8.d5 
O-O 9.O-O Qb6 10.Qe2 Qa6 11.Nb5 Qb6 12.a4 a6 13.Na3 Nf6 14.Nc4 Qc7 15.a5 
Nbd7 16.Bd2 Ne8 17.e5 dxe5 18.fxe5 e6 19.d6 Qc6 20.Bg5 b5 21.axb6 Nxb6 22.
Be7 Nd7 23.Bxf8 Bxf8 24.Ng5 Ng7 25.Nxf7 Nf5 26.Ng5 Qd5 27.g4 Bh6 28.gxf5 
Bxg5 29.fxe6 Qxe6 30.b3 Bh6 31.Qg2 Re8 32.Rxa6 Nxe5 33.Nxe5 Qxe5 34.Ra8 
Bf8 35.Rxe8 Qxe8 36.Qd5+ Kh8 37.d7 Qe3+ 38.Kh1 1-0

[Event "POL-ChT3"]
[Site "Lazy POL"]
[Date "2012.09.01"]
[Round "1"]
[White "Dors, Ryszard"]
[Black "Jaworski, Miroslaw"]
[Result "0-1"]
[WhiteElo "2220"]
[BlackElo "2307"]
[EventDate "2012.09.01"]
[PlyCount "106"]

1.Nf3 Nf6 2.c4 b6 3.g3 c5 4.Bg2 Bb7 5.b3 e6 6.Bb2 Be7 7.O-O d6 8.d3 O-O 9.
Nbd2 Nbd7 10.a3 Qc7 11.Ra2 d5 12.cxd5 Nxd5 13.Qa1 Bf6 14.d4 cxd4 15.Nxd4 
Rac8 16.Ne4 Bxd4 17.Bxd4 e5 18.Bb2 Rfe8 19.Rc1 Rb8 20.Rd1 Rbd8 21.Qb1 Nf8 
22.Ba1 h6 23.Rad2 f5 24.Nf6+ Nxf6 25.Rxd8 Rxd8 26.Rxd8 Qxd8 27.Bxb7 Qc7 
28.Ba6 N8d7 29.Bc4+ Kh8 30.Bb2 e4 31.Qc1 Qd6 32.Bf7 Kh7 33.h4 Qe7 34.Bc4 
Qd6 35.Qc3 Kg6 36.b4 Qd1+ 37.Kg2 Qd6 38.Bb3 b5 39.Qe3 Qc7 40.Qd4 a6 41.e3 
Qb8 42.h5+ Kxh5 43.Be6 Qe8 44.Bxf5 Kg5 45.g4 h5 46.Qd6 hxg4 47.Qf4+ Kh5 
48.Kg3 Qe7 49.Bd4 Qe8 50.f3 exf3 51.e4 g5 52.Qc1 Nxe4+ 53.Bxe4 Qxe4 0-1

[Event "POL-ChT3"]
[Site "Lazy POL"]
[Date "2012.09.01"]
[Round "1"]
[White "Orzechowski, Jacek"]
[Black "Gmaj, Krzysztof"]
[Result "0-1"]
[WhiteElo "2228"]
[BlackElo "2152"]
[EventDate "2012.09.01"]
[PlyCount "56"]

1.c4 e6 2.g3 d5 3.Bg2 Nf6 4.Nf3 Be7 5.O-O O-O 6.d4 c6 7.Nc3 Nbd7 8.Nd2 b6 
9.e4 dxe4 10.Ndxe4 Bb7 11.Qc2 Nxe4 12.Nxe4 c5 13.dxc5 bxc5 14.Nf6+ Bxf6 
15.Bxb7 Rb8 16.Be4 h6 17.Rb1 Bd4 18.Qa4 Nf6 19.Bf3 Qc7 20.b3 e5 21.Bd2 
Rfe8 22.Rfe1 Re7 23.Rbd1 Rbe8 24.Ba5 Qc8 25.Qc6 Qf5 26.Re2 e4 27.Bg2 Ng4 
28.Rf1 Nxh2 0-1

[Event "POL-ChT3"]
[Site "Lazy POL"]
[Date "2012.09.01"]
[Round "1"]
[White "Sek, Joachim"]
[Black "Helis, Tadeusz"]
[Result "0-1"]
[WhiteElo "2140"]
[BlackElo "2235"]
[EventDate "2012.09.01"]
[PlyCount "102"]

1.e4 c5 2.Nf3 e6 3.d3 Nc6 4.g3 Nf6 5.Bg2 d6 6.O-O Be7 7.Nbd2 O-O 8.c3 Rb8 
9.d4 cxd4 10.Nxd4 Bd7 11.N2b3 a6 12.Re1 Qc7 13.Nxc6 Bxc6 14.Nd4 Bd7 15.Be3
Rbd8 16.h3 Bc8 17.f4 Rfe8 18.Kh2 Bf8 19.Qb3 Nd7 20.Rad1 e5 21.Nf3 exf4 22.
Bxf4 Ne5 23.Nxe5 dxe5 24.Bg5 Rxd1 25.Rxd1 Be6 26.Qa4 Rc8 27.Be3 h6 28.Rd2 
Rd8 29.Rxd8 Qxd8 30.Bf1 Be7 31.a3 h5 32.Qc2 h4 33.g4 Bg5 34.Qf2 Bxe3 35.
Qxe3 Qd1 36.Qf2 g6 37.c4 Qc1 38.c5 Kg7 39.Kg2 Bd7 40.Bd3 Bc6 41.Kh2 a5 42.
b3 Qxa3 43.Bc4 Be8 44.g5 Kg8 45.Bd5 Qb4 46.Qxh4 Qxc5 47.Qh6 Qb6 48.h4 Bd7 
49.Kg2 Be6 50.h5 Bxd5 51.exd5 Qxb3 0-1